000 00325nam a22001337a 4500
008 170817b xxu||||| |||| 00| 0 eng d
020 _a0201149478
041 _aeng
080 _a51
100 _a36
101 _aMAT
245 _aAN INTRODUCTION TO DISCRETE MATHEMATICS AND ITS APPLICATIONS
_cKENNETH,K
942 _2udc
_cBK
999 _c24025
_d24025